Geography Click Chain #9 - Statistics

General Stats
  • This quiz has been taken 61 times
  • The average score is 4 of 5
Answer Stats
Hint Answer % Correct
The smallest state in Australia is… Tasmania
98%
Which are native to the country… India
91%
Where you can find the animal… Peacock
91%
Whose biggest city is… Launceton
67%
Whose biggest river is… South Esk
49%
No matching quizzes found
Score Distribution
Percent of People with Each Score
Percentile by Number Answered
Your Score History
You have not taken this quiz